000
00214nam a22000857a 4500
008
161108b xxu||||| |||| 00| 0 eng d
100
_9
1086
_a
Misra.M.
245
_a
CCE Social Science-VIII
260
_a
New Delhi
_b
APC
_c
2012
999
_c
3745
_d
3745